[Event "BRA-ch Amateur U1800"]
[Site "Sao Paulo"]
[Date "2017.10.15"]
[Round "7"]
[White "Hoshino, Meilin"]
[Black "Saito, Helio Tsutomu"]
[Result "1-0"]
[WhiteElo "1413"]
[BlackElo "1749"]
[PlyCount "131"]
[EventDate "2017.10.12"]
[EventType "swiss"]
[EventRounds "7"]
[EventCountry "BRA"]
[SourceTitle "EXT 2019"]
[Source "ChessBase"]
[SourceDate "2018.10.10"]
[SourceVersion "1"]
[SourceVersionDate "2018.10.10"]
[SourceQuality "1"]

1. d4 Nf6 2. c4 e6 3. Nc3 Bb4 4. e3 0-0 5. Nge2 b6 6. a3 Be7 7. Ng3 Bb7 8. f3 d6 9. Bd3 Nbd7 10. 0-0 c5 11. d5 e5 12. Qc2 g6 13. Qf2 Ne8 14. f4 Bf6 15. f5 Bg7 16. Nge4 a6 17. Qg3 Ndf6 18. fxg6 hxg6 19. Nxf6+ Nxf6 20. Be2 e4 21. Rf4 Qe7 22. Bd2 Rae8 23. Raf1 Bc8 24. Qh4 Nd7 25. Rxe4 Qxh4 26. Rxh4 Ne5 27. Rhf4 f5 28. R4f2 Ng4 29. Bxg4 fxg4 30. Rxf8+ Bxf8 31. Na4 b5 32. cxb5 axb5 33. Nc3 Bf5 34. Re1 Bd3 35. Kf2 b4 36. axb4 cxb4 37. Ne2 b3 38. Rc1 Bg7 39. Bc3 Bh6 40. Bd4 Bc2 41. Nc3 Bg7 42. Bxg7 Kxg7 43. Nb5 Re5 44. Nxd6 Rxd5 45. Nc4 Kf6 46. Kg3 Kg5 47. Kf2 Rc5 48. Na3 Kf5 49. Nb1 Ke4 50. Nd2+ Kd5 51. e4+ Kd6 52. Nxb3 Bxb3 53. Rxc5 Kxc5 54. Kg3 Be6 55. h3 gxh3 56. gxh3 Kd4 57. h4 Kxe4 58. b4 Kf5 59. b5 Bd5 60. b6 Bb7 61. Kh3 Ba6 62. Kg3 Bc8 63. Kf3 Ke5 64. Kg3 Ke4 65. h5 g5 66. h6 1-0

[Event "Sao Paulo op-B U2050 6th"]
[Site "Sao Paulo"]
[Date "2017.04.16"]
[Round "6"]
[White "Felix, Raimundo Nascimento"]
[Black "Saito, Helio Tsutomu"]
[Result "0-1"]
[WhiteElo "1866"]
[BlackElo "1714"]
[PlyCount "78"]
[EventDate "2017.04.14"]
[EventType "swiss"]
[EventRounds "6"]
[EventCountry "BRA"]
[SourceTitle "EXT 2019"]
[Source "ChessBase"]
[SourceDate "2018.10.10"]
[SourceVersion "1"]
[SourceVersionDate "2018.10.10"]
[SourceQuality "1"]

1. e4 c5 2. Nc3 e6 3. f4 Nc6 4. Bb5 Nd4 5. Bd3 a6 6. a4 Qc7 7. g3 d6 8. Nf3 Nc6 9. 0-0 Nge7 10. Re1 g6 11. Ne2 Bg7 12. c3 0-0 13. Bc2 b6 14. d4 Bb7 15. Bd3 Rfd8 16. Qb3 Na5 17. Qa2 c4 18. Bc2 b5 19. Be3 f5 20. Nd2 fxe4 21. Nxe4 Nd5 22. Bf2 b4 23. Bd1 b3 24. Qb1 Qc6 25. Nc1 Rf8 26. Bf3 Kh8 27. Ng5 e5 28. Ne6 Qd7 29. Nxg7 Kxg7 30. dxe5 dxe5 31. Bg2 exf4 32. Bd4+ Kg8 33. Be4 Nc6 34. Ne2 Nxd4 35. Nxd4 fxg3 36. hxg3 Qg4 37. Ne2 Nxc3 38. Nxc3 Qxg3+ 39. Kh1 Rf2 0-1

[Event "Sao Paulo op-B U2050 6th"]
[Site "Sao Paulo"]
[Date "2017.04.14"]
[Round "1"]
[White "Godinho, Bruno Cesar Ferreir"]
[Black "Saito, Helio Tsutomu"]
[Result "1-0"]
[WhiteElo "1894"]
[BlackElo "1714"]
[PlyCount "179"]
[EventDate "2017.04.14"]
[EventType "swiss"]
[EventRounds "6"]
[EventCountry "BRA"]
[SourceTitle "EXT 2019"]
[Source "ChessBase"]
[SourceDate "2018.10.10"]
[SourceVersion "1"]
[SourceVersionDate "2018.10.10"]
[SourceQuality "1"]

1. e4 c5 2. Nf3 e6 3. d3 Nc6 4. Nc3 a6 5. Be2 Qc7 6. 0-0 Nf6 7. h3 Be7 8. a4 b6 9. Be3 Bb7 10. Qd2 0-0 11. Kh1 Rfd8 12. Bf4 d6 13. Rad1 Nd4 14. Rfe1 Nxe2 15. Qxe2 e5 16. Bh2 Qc6 17. g4 b5 18. g5 Ne8 19. Nd5 Bf8 20. a5 Nc7 21. Nb6 Rab8 22. Rg1 b4 23. Rg4 Qb5 24. Nc4 Qd7 25. Rh4 g6 26. Bg3 Ne6 27. Ne3 Qe7 28. Rg4 Bg7 29. h4 Rf8 30. h5 f5 31. gxf6 Qxf6 32. Nh2 Nf4 33. Bxf4 exf4 34. Nd5 Bxd5 35. exd5 Rbe8 36. Qf3 g5 37. Rgg1 Re7 38. d4 cxd4 39. Ng4 Qf7 40. h6 Bf6 41. Nxf6+ Qxf6 42. Rxg5+ Qxg5 43. Rg1 Re1 44. Rxe1 Qxh6+ 45. Kg2 Kh8 46. Re6 Qg5+ 47. Kf1 Rd8 48. Qe4 f3 49. Qxf3 Qc1+ 50. Re1 Qg5 51. Qe4 Qf6 52. Rd1 Rf8 53. Qxd4 Kg7 54. Rd3 Qxd4 55. Rxd4 Rb8 56. Rc4 Rb5 57. Rc6 Rxa5 58. Rxd6 Ra1+ 59. Kg2 a5 60. Rc6 Rd1 61. Rc5 a4 62. Ra5 b3 63. cxb3 axb3 64. Rb5 Rd3 65. Kf1 Kf6 66. Ke2 Rd4 67. Ke3 Rd1 68. Ke4 Re1+ 69. Kf4 Rd1 70. Rb6+ Ke7 71. Rb7+ Kd6 72. Rxb3 Rxd5 73. Ke4 Re5+ 74. Kf4 Rd5 75. Kg4 h5+ 76. Kh4 Kc5 77. Ra3 Kb4 78. Re3 Kb5 79. Kg3 Kb4 80. f4 Kc4 81. Re8 Rb5 82. Re4+ Kb3 83. Re8 h4+ 84. Kxh4 Rb4 85. Kg5 Kxb2 86. f5 Kc3 87. f6 Kd4 88. Kf5 Rb1 89. f7 Rg1 90. Kf6 1-0

[Event "Sao Paulo Gansl op 8th"]
[Site "Sao Paulo"]
[Date "2016.05.01"]
[Round "5"]
[White "Patino, Adilia"]
[Black "Saito, Helio Tsutomu"]
[Result "1/2-1/2"]
[WhiteElo "1950"]
[BlackElo "1675"]
[PlyCount "120"]
[EventDate "2016.04.29"]
[EventType "swiss"]
[EventRounds "6"]
[EventCountry "BRA"]
[SourceTitle "CBM 172 Extra"]
[Source "ChessBase"]
[SourceDate "2016.06.21"]
[SourceVersion "1"]
[SourceVersionDate "2016.06.21"]
[SourceQuality "1"]

1. Nf3 Nf6 2. d4 e6 3. c4 b6 4. Bg5 Bb4+ 5. Nbd2 Bb7 6. a3 Be7 7. e3 Ne4 8. Bxe7 Qxe7 9. Be2 0-0 10. 0-0 f5 11. Rc1 d6 12. Qb3 a5 13. Rfd1 a4 14. Qd3 Nd7 15. Nb1 g5 16. Nc3 g4 17. Nd2 Ndf6 18. Ndxe4 Nxe4 19. Rf1 Qh4 20. f3 Ng5 21. e4 g3 22. hxg3 Qxg3 23. f4 Nh3+ 24. Kh1 Nf2+ 25. Rxf2 Qxf2 26. Rf1 Qh4+ 27. Kg1 Rf6 28. d5 e5 29. fxe5 dxe5 30. exf5 Kh8 31. Qe3 Re8 32. Ne4 Rh6 33. Ng5 Qh2+ 34. Kf2 Rf6 35. Bg4 Qh4+ 36. Kf3 b5 37. Ne4 bxc4 38. Nxf6 Qxf6 39. Rd1 e4+ 40. Ke2 Qxb2+ 41. Rd2 Qe5 42. Qd4 c3 43. Qxe5+ Rxe5 44. Rc2 Ba6+ 45. Ke3 Rxd5 46. Rxc3 Rd3+ 47. Rxd3 exd3 48. Kd4 Kg7 49. Ke5 c5 50. Bd1 Bb5 51. Kd5 c4 52. Kd4 Kf6 53. g4 h6 54. Bf3 h5 55. gxh5 Kxf5 56. Bd1 Kg5 57. Kc3 Be8 58. Kxc4 Bxh5 59. Bxh5 Kxh5 60. Kxd3 Kg5 1/2-1/2

[Event "Sao Paulo Gansl op 8th"]
[Site "Sao Paulo"]
[Date "2016.04.30"]
[Round "4"]
[White "Sato, Leticia Miho"]
[Black "Saito, Helio Tsutomu"]
[Result "0-1"]
[WhiteElo "1460"]
[BlackElo "1675"]
[PlyCount "86"]
[EventDate "2016.04.29"]
[EventType "swiss"]
[EventRounds "6"]
[EventCountry "BRA"]
[SourceTitle "CBM 172 Extra"]
[Source "ChessBase"]
[SourceDate "2016.06.21"]
[SourceVersion "1"]
[SourceVersionDate "2016.06.21"]
[SourceQuality "1"]

1. d4 Nf6 2. Nf3 e6 3. Bf4 b6 4. e3 Bb7 5. h3 Be7 6. Bd3 Ne4 7. Nbd2 f5 8. Ne5 Nf6 9. Nef3 Qc8 10. c4 Na6 11. a3 c5 12. Rc1 d6 13. Qe2 0-0 14. 0-0 Ne4 15. Rb1 Qe8 16. Rfc1 Rd8 17. b4 cxd4 18. exd4 Nb8 19. c5 Nxd2 20. Bxd2 Bf6 21. Bc3 dxc5 22. dxc5 Bxc3 23. Rxc3 Qg6 24. Bc4 Be4 25. Rd1 Qf6 26. Rcc1 bxc5 27. bxc5 Nc6 28. Bb5 g5 29. Nd2 Bd5 30. Nb1 Nd4 31. Qd3 Be4 32. Qc4 g4 33. hxg4 fxg4 34. Rd2 Bxb1 35. Rxb1 Nf3+ 36. gxf3 Rxd2 37. Re1 gxf3 38. Qxe6+ Kh8 39. Qxf6+ Rxf6 40. Re8+ Kg7 41. Re7+ Kh6 42. Rxa7 Rg6+ 43. Kf1 Rd1# 0-1

[Event "Sao Paulo Consciencia op 7th"]
[Site "Sao Paulo"]
[Date "2015.11.22"]
[Round "6"]
[White "Mendes, Rodrigo Machado"]
[Black "Saito, Helio Tsutomu"]
[Result "1-0"]
[WhiteElo "1929"]
[BlackElo "1648"]
[PlyCount "113"]
[EventDate "2015.11.20"]
[EventType "swiss"]
[EventRounds "6"]
[EventCountry "BRA"]
[SourceTitle "CBM 170 Extra"]
[Source "ChessBase"]
[SourceDate "2016.02.25"]
[SourceVersion "1"]
[SourceVersionDate "2016.02.25"]
[SourceQuality "1"]

1. e4 c5 2. Nf3 e6 3. d4 cxd4 4. Nxd4 a6 5. Be2 Qc7 6. 0-0 b5 7. Kh1 Bb7 8. Bf3 Nc6 9. Nb3 Be7 10. g3 g5 11. Bg2 h6 12. Be3 Nf6 13. N1d2 Rc8 14. c3 Qb8 15. Nc5 Bxc5 16. Bxc5 d6 17. Be3 Ne5 18. f4 gxf4 19. Rxf4 Nfd7 20. Qh5 Ke7 21. Raf1 Rcf8 22. R4f2 Qe8 23. Bxh6 Rfg8 24. Bg5+ f6 25. Qxe8+ Kxe8 26. Bxf6 Rh6 27. Bh4 Ng6 28. Bg5 Rh5 29. h4 Nge5 30. Kg1 Rh7 31. Nb3 Nf7 32. Rxf7 Rxf7 33. Nd4 Rxf1+ 34. Kxf1 Kf7 35. Ke2 Nc5 36. Ke3 Na4 37. Bf3 Bc8 38. Bh5+ Kf8 39. Nc6 Nxb2 40. Bh6+ Rg7 41. Be2 Kg8 42. Bxg7 Kxg7 43. Nd4 Nc4+ 44. Bxc4 bxc4 45. g4 Bd7 46. a3 Kg6 47. Kf3 Kh6 48. Ne2 Ba4 49. Ng3 Be8 50. g5+ Kg6 51. Kg4 d5 52. h5+ Kh7 53. g6+ Bxg6 54. hxg6+ Kxg6 55. exd5 exd5 56. Kf4 d4 57. cxd4 1-0

[Event "Sao Paulo Consciencia op 6th"]
[Site "Sao Paulo"]
[Date "2015.10.11"]
[Round "3"]
[White "Saito, Helio Tsutomu"]
[Black "Hayashi, Kouki"]
[Result "1-0"]
[WhiteElo "1648"]
[BlackElo "1234"]
[PlyCount "39"]
[EventDate "2015.10.10"]
[EventType "swiss"]
[EventRounds "6"]
[EventCountry "BRA"]
[SourceTitle "CBM 168 Extra"]
[Source "ChessBase"]
[SourceDate "2015.10.29"]
[SourceVersion "1"]
[SourceVersionDate "2015.10.29"]
[SourceQuality "1"]

1. e4 e5 2. Nf3 Nc6 3. Bb5 Nf6 4. d3 Bc5 5. c3 d6 6. h3 0-0 7. 0-0 Be6 8. Re1 Qd7 9. Ng5 Rfe8 10. Be3 Bxe3 11. Rxe3 h6 12. Nxe6 Rxe6 13. Nd2 Nh5 14. Qxh5 Rg6 15. b4 a6 16. Bc4 b5 17. Bd5 Re8 18. Qxg6 Rf8 19. Rg3 Kh8 20. Qxg7# 1-0

[Event "Sao Paulo Consciencia op 6th"]
[Site "Sao Paulo"]
[Date "2015.10.10"]
[Round "1"]
[White "Saito, Helio Tsutomu"]
[Black "Garkauskas, Otto Dmitry"]
[Result "0-1"]
[WhiteElo "1648"]
[BlackElo "2266"]
[PlyCount "54"]
[EventDate "2015.10.10"]
[EventType "swiss"]
[EventRounds "6"]
[EventCountry "BRA"]
[SourceTitle "CBM 168 Extra"]
[Source "ChessBase"]
[SourceDate "2015.10.29"]
[SourceVersion "1"]
[SourceVersionDate "2015.10.29"]
[SourceQuality "1"]

1. e4 c6 2. d4 d5 3. e5 Bf5 4. g4 Bd7 5. Bd3 e6 6. Nf3 c5 7. c3 Nc6 8. a3 Qb6 9. Bc2 f6 10. b4 cxb4 11. cxb4 a5 12. bxa5 Qxa5+ 13. Kf1 Nb4 14. Bb3 Ne7 15. Bd2 Ng6 16. Bc3 Qb5+ 17. Kg1 Nd3 18. Bc2 Ndf4 19. h4 h5 20. g5 fxe5 21. Nxe5 Nxe5 22. dxe5 Bc5 23. Be1 0-0 24. Nc3 Qc4 25. Nb1 Ne2+ 26. Kg2 Qg4+ 27. Kf1 Bb5 0-1

[Event "Mogi das Cruzes Catropa Memorial"]
[Site "Mogi das Cruzes"]
[Date "2014.09.07"]
[Round "6"]
[White "Saito, Helio Tsutomu"]
[Black "Hoshino, Meilin"]
[Result "1-0"]
[WhiteElo "1642"]
[BlackElo "1397"]
[PlyCount "53"]
[EventDate "2014.09.05"]
[EventType "swiss"]
[EventRounds "6"]
[EventCountry "BRA"]
[SourceTitle "CBM 162 Extra"]
[Source "ChessBase"]
[SourceDate "2014.10.17"]
[SourceVersion "1"]
[SourceVersionDate "2014.10.17"]
[SourceQuality "1"]

1. e4 c5 2. Nf3 e6 3. d4 cxd4 4. Nxd4 a6 5. Be3 b5 6. a3 Bb7 7. Bd3 d6 8. 0-0 Nd7 9. f3 Be7 10. Nc3 Ngf6 11. Qe1 0-0 12. Rd1 Qc7 13. Kh1 Rab8 14. Qg3 g6 15. f4 Rfc8 16. f5 exf5 17. Nxf5 Bf8 18. Nh6+ Kg7 19. Qh4 Qd8 20. Bg5 Be7 21. Rf3 d5 22. Nxd5 Bxd5 23. exd5 Nxd5 24. Rxf7+ Kh8 25. Bxe7 Nxe7 26. Qd4+ Ne5 27. Qxe5# 1-0

[Event "Mogi das Cruzes Catropa Memorial"]
[Site "Mogi das Cruzes"]
[Date "2014.09.06"]
[Round "3"]
[White "Saito, Helio Tsutomu"]
[Black "Dias, Marcelo de Souza"]
[Result "0-1"]
[WhiteElo "1642"]
[BlackElo "1836"]
[PlyCount "66"]
[EventDate "2014.09.05"]
[EventType "swiss"]
[EventRounds "6"]
[EventCountry "BRA"]
[SourceTitle "CBM 162 Extra"]
[Source "ChessBase"]
[SourceDate "2014.10.17"]
[SourceVersion "1"]
[SourceVersionDate "2014.10.17"]
[SourceQuality "1"]

1. e4 c5 2. Nf3 d6 3. d4 cxd4 4. Nxd4 Nf6 5. Nc3 g6 6. Be3 a6 7. f3 b5 8. a4 b4 9. Na2 e5 10. Nb3 d5 11. exd5 Nxd5 12. Bc4 Nxe3 13. Bxf7+ Ke7 14. Qxd8+ Kxd8 15. Kf2 Ke7 16. Kxe3 Kxf7 17. Rad1 Be6 18. Nac1 Nc6 19. g4 Be7 20. h4 Rhd8 21. Nd3 Bc4 22. Nbc1 Rd6 23. b3 Bxd3 24. Nxd3 Rad8 25. Rde1 Rd4 26. Ref1 g5 27. h5 h6 28. Rh2 a5 29. Re2 Ke6 30. Rfe1 Kf6 31. Nf2 Bc5 32. Ne4+ Rxe4+ 33. Kxe4 Rd4+ 0-1

[Event "Sao Paulo CXSP Livraria 2nd"]
[Site "Sao Paulo"]
[Date "2014.05.17"]
[Round "2.3"]
[White "Mobaier, Sergio"]
[Black "Saito, Helio Tsutomu"]
[Result "1-0"]
[WhiteElo "1992"]
[BlackElo "1644"]
[PlyCount "99"]
[EventDate "2014.05.16"]
[EventType "swiss"]
[EventRounds "5"]
[EventCountry "BRA"]
[SourceTitle "EXT 2022"]
[Source "ChessBase"]
[SourceDate "2021.10.06"]
[SourceVersion "1"]
[SourceVersionDate "2021.10.06"]
[SourceQuality "1"]

1. d4 Nf6 2. Bf4 d6 3. e3 g6 4. Nf3 Bg7 5. Be2 0-0 6. 0-0 Nbd7 7. c4 Ne8 8. Nc3 c6 9. e4 Qa5 10. Qd2 Bf6 11. Nd5 Qxd2 12. Nxf6+ Ndxf6 13. Nxd2 Ng7 14. h3 Re8 15. Rad1 b6 16. Bf3 Bb7 17. Rfe1 Ne6 18. Be3 Rad8 19. g3 Kg7 20. Bg2 Nh5 21. Kh2 c5 22. d5 Nc7 23. f4 Rh8 24. e5 Kg8 25. Bf2 Kf8 26. Re2 h6 27. Rde1 e6 28. dxe6 Bxg2 29. exd6 Nxe6 30. Kxg2 Rxd6 31. Ne4 Rd3 32. Re3 Rxe3 33. Rxe3 Kg7 34. Nc3 Rd8 35. Nd5 Nf6 36. Nc3 Rd2 37. Re2 Rxe2 38. Nxe2 Ne4 39. Be1 f5 40. Kf3 Kf7 41. Ke3 Ke7 42. Nc3 Nxc3 43. Bxc3 h5 44. a3 Kd7 45. Kf3 Nd4+ 46. Bxd4 cxd4 47. Ke2 Kd6 48. Kd3 a5 49. b4 axb4 50. axb4 1-0

[Event "Mogi das Cruzes op 09"]
[Site "Mogi das Cruzes"]
[Date "2013.09.26"]
[Round "1"]
[White "Da Silva, Paolo Ghiu M Rego"]
[Black "Saito, Helio Tsutomu"]
[Result "1-0"]
[WhiteElo "2128"]
[BlackElo "1652"]
[PlyCount "45"]
[EventDate "2013.09.26"]
[EventType "swiss"]
[EventRounds "7"]
[EventCountry "BRA"]
[SourceTitle "CBM 156 Extra"]
[Source "ChessBase"]
[SourceDate "2013.10.22"]
[SourceVersion "1"]
[SourceVersionDate "2013.10.22"]
[SourceQuality "1"]

1. d4 Nf6 2. c4 e6 3. Nf3 b6 4. g3 Bb7 5. Bg2 Bb4+ 6. Bd2 Be7 7. 0-0 0-0 8. Nc3 d5 9. cxd5 Nxd5 10. Qc2 Nb4 11. Qb1 c5 12. dxc5 Bxf3 13. Bxf3 Qxd2 14. Bxa8 bxc5 15. Rd1 Qg5 16. Qe4 Qh6 17. a3 f5 18. Qb7 N4c6 19. Qc7 e5 20. Bxc6 Nxc6 21. Rd7 Qe6 22. Nd5 Bf6 23. Rd6 1-0

[Event "Mogi das Cruzes op 08"]
[Site "Mogi das Cruzes"]
[Date "2013.08.18"]
[Round "5"]
[White "Pinto, Ana Vitoria de Jesu"]
[Black "Saito, Helio Tsutomu"]
[Result "0-1"]
[WhiteElo "1714"]
[BlackElo "1627"]
[PlyCount "66"]
[EventDate "2013.08.16"]
[EventType "swiss"]
[EventRounds "6"]
[EventCountry "BRA"]
[SourceTitle "CBM 155 Extra"]
[Source "ChessBase"]
[SourceDate "2013.08.26"]
[SourceVersion "1"]
[SourceVersionDate "2013.08.26"]
[SourceQuality "1"]

1. e4 c5 2. Nf3 e6 3. d4 cxd4 4. Nxd4 a6 5. Nc3 Qc7 6. Be2 Bb4 7. Bd2 b5 8. 0-0 Bc5 9. Nf3 Nc6 10. a3 Bb7 11. Bd3 Nf6 12. h3 0-0 13. Ne2 d5 14. exd5 Nxd5 15. Ng3 Qxg3 16. Qe2 Nf4 17. Bxf4 Qxf4 18. Rad1 g5 19. Qe4 Qxe4 20. Bxe4 f5 21. Bxc6 Bxc6 22. Nxg5 Rf6 23. Kh2 Rg6 24. f4 e5 25. Nf3 exf4 26. Nh4 Rf6 27. Rd3 Be4 28. Rd7 Kh8 29. Kh1 Be3 30. c3 Rg8 31. Kh2 Rh6 32. Nf3 Bxf3 33. Rxf3 Rhg6 0-1

[Event "Mogi das Cruzes op 08"]
[Site "Mogi das Cruzes"]
[Date "2013.08.17"]
[Round "4"]
[White "Ikejiri, Daniel Yoshito"]
[Black "Saito, Helio Tsutomu"]
[Result "1-0"]
[WhiteElo "1872"]
[BlackElo "1627"]
[PlyCount "105"]
[EventDate "2013.08.16"]
[EventType "swiss"]
[EventRounds "6"]
[EventCountry "BRA"]
[SourceTitle "CBM 155 Extra"]
[Source "ChessBase"]
[SourceDate "2013.08.26"]
[SourceVersion "1"]
[SourceVersionDate "2013.08.26"]
[SourceQuality "1"]

1. Nf3 Nf6 2. c4 e6 3. Nc3 b6 4. d4 Bb4 5. Bf4 Bxc3+ 6. bxc3 d6 7. e3 Bb7 8. Be2 0-0 9. 0-0 Nbd7 10. h3 Ne4 11. Qc2 f5 12. a4 a5 13. Rad1 g5 14. Bh2 g4 15. hxg4 fxg4 16. Nd2 Nxf2 17. Rxf2 Rxf2 18. Kxf2 Qh4+ 19. Bg3 Rf8+ 20. Nf3 Qh5 21. Bf4 gxf3 22. gxf3 Kh8 23. Qb1 e5 24. Rh1 Qf7 25. Bd3 e4 26. fxe4 Ne5 27. Be2 Ng6 28. Bh5 Qf6 29. Bxg6 Qxg6 30. d5 Bc8 31. Rh2 Bg4 32. Qh1 h5 33. Ke1 Re8 34. Rh4 Rxe4 35. Rxg4 Rxe3+ 36. Bxe3 Qb1+ 37. Kf2 Qxh1 38. Bd4+ Kh7 39. Rg7+ Kh6 40. Rxc7 Qh2+ 41. Kf3 Qh3+ 42. Kf2 Qf5+ 43. Ke3 Qg4 44. Kf2 Qf4+ 45. Ke2 Qe4+ 46. Kd2 Qg2+ 47. Kd3 h4 48. Be3+ Kh5 49. Rh7+ Kg4 50. Rg7+ Kf3 51. Rxg2 Kxg2 52. Bf4 h3 53. Bxd6 1-0

[Event "Mogi das Cruzes CXMC A"]
[Site "Mogi das Cruzes"]
[Date "2013.03.31"]
[Round "7.2"]
[White "De Almeida, Jefferson Silva"]
[Black "Saito, Helio Tsutomu"]
[Result "0-1"]
[WhiteElo "1581"]
[BlackElo "1646"]
[PlyCount "86"]
[EventDate "2013.03.28"]
[EventType "tourn"]
[EventRounds "7"]
[EventCountry "BRA"]
[SourceTitle "EXT 2022"]
[Source "ChessBase"]
[SourceDate "2021.10.06"]
[SourceVersion "1"]
[SourceVersionDate "2021.10.06"]
[SourceQuality "1"]

1. d4 f5 2. c4 e6 3. Nf3 Nf6 4. Nc3 b6 5. Bg5 Bb7 6. e3 Be7 7. Be2 0-0 8. h3 d6 9. 0-0 Nbd7 10. b4 Ne4 11. Nxe4 Bxe4 12. Bf4 g5 13. Bg3 h6 14. Nd2 Bb7 15. Bf3 Bxf3 16. Qxf3 Qe8 17. Qb7 Qd8 18. Qf3 Bf6 19. Rac1 Bg7 20. Qe2 Nf6 21. h4 Ng4 22. hxg5 hxg5 23. Nf3 Bh6 24. Nh2 Nf6 25. f4 g4 26. Bh4 Qe8 27. Bxf6 Rxf6 28. g3 Qh5 29. Qg2 Re8 30. Kf2 Kf8 31. Rh1 Qf7 32. Qb7 e5 33. dxe5 dxe5 34. Qd5 exf4 35. exf4 Rd6 36. Qxf7+ Kxf7 37. Nf1 Bg7 38. Rc2 Bd4+ 39. Kg2 Rde6 40. Nh2 Re2+ 41. Rxe2 Rxe2+ 42. Kf1 Rxa2 43. Ke1 Ra1+ 0-1

[Event "Mogi das Cruzes op 08"]
[Site "Mogi das Cruzes"]
[Date "2012.08.31"]
[Round "1"]
[White "Garkauskas, Otto Dmitry"]
[Black "Saito, Helio Tsutomu"]
[Result "1-0"]
[WhiteElo "2060"]
[BlackElo "1624"]
[PlyCount "78"]
[EventDate "2012.08.31"]
[EventType "swiss"]
[EventRounds "6"]
[EventCountry "BRA"]
[SourceTitle "CBM 150 Extra"]
[Source "ChessBase"]
[SourceDate "2012.10.19"]
[SourceVersion "1"]
[SourceVersionDate "2012.10.19"]
[SourceQuality "1"]

1. d4 f5 2. c4 e6 3. g3 Nf6 4. Bg2 Bb4+ 5. Bd2 Bxd2+ 6. Nxd2 c6 7. Nh3 0-0 8. 0-0 d6 9. Qb3 Qe7 10. e3 e5 11. c5+ d5 12. dxe5 Qxe5 13. Nf3 Qe7 14. Rac1 Ne4 15. Qa3 Nd7 16. Nd4 Ne5 17. b4 Bd7 18. Rfd1 a6 19. Qb3 Kh8 20. f3 Nf6 21. Re1 h6 22. a4 Qe8 23. Nf2 Qh5 24. Nd3 Neg4 25. fxg4 Nxg4 26. h3 Nf6 27. Ne5 Rad8 28. Ndf3 Bc8 29. Qd1 g5 30. Nh4 gxh4 31. Qxh5 Nxh5 32. Ng6+ Kg7 33. Nxf8 Rxf8 34. gxh4 Ng3 35. b5 Ne4 36. Bxe4 fxe4 37. bxa6 bxa6 38. Rf1 Rxf1+ 39. Rxf1 Bxh3 1-0

[Event "Sao Bernardo do Campo LXSBC op 4th"]
[Site "Sao Bernardo do Campo"]
[Date "2012.07.14"]
[Round "3"]
[White "Cadilhac, Igor Tokuichi Kikuc"]
[Black "Saito, Helio Tsutomu"]
[Result "1-0"]
[WhiteElo "1799"]
[BlackElo "1800"]
[PlyCount "103"]
[EventDate "2012.07.13"]
[EventType "swiss"]
[EventRounds "6"]
[EventCountry "BRA"]
[SourceTitle "CBM 149 Extra"]
[Source "ChessBase"]
[SourceDate "2012.08.24"]
[SourceVersion "1"]
[SourceVersionDate "2012.08.24"]
[SourceQuality "1"]

1. e4 e5 2. Nf3 Nc6 3. Bb5 a6 4. Ba4 Nf6 5. d3 b5 6. Bb3 Be7 7. c3 d6 8. 0-0 0-0 9. Nbd2 Na5 10. Bc2 c5 11. Re1 Nc6 12. Nf1 Be6 13. Ne3 Qd7 14. Bb3 Na5 15. Bxe6 fxe6 16. Nf1 h6 17. Ng3 Qe8 18. b4 Nc6 19. Qb3 Qf7 20. bxc5 dxc5 21. Be3 Ng4 22. Rad1 Nxe3 23. fxe3 g5 24. Rf1 Qg6 25. Nf5 Bd8 26. h4 Na5 27. Nxe5 Qxf5 28. exf5 Nxb3 29. axb3 exf5 30. Nd7 Rf7 31. Nxc5 gxh4 32. Ne6 Bb6 33. Nd4 Raf8 34. Rf4 Re8 35. Kf2 Bd8 36. Nxf5 Bg5 37. Rf3 Re5 38. e4 Rc7 39. c4 Rd7 40. Ra1 bxc4 41. bxc4 Re6 42. d4 Rb7 43. e5 Rb2+ 44. Kg1 Rg6 45. Rf2 Bd2 46. Rxd2 Rxd2 47. Ne7+ Kg7 48. Nxg6 Kxg6 49. Rxa6+ Kf5 50. Rf6+ Kg4 51. d5 Kg3 52. e6 1-0